Tableaux of the Paris 2024 Olympic Opening Ceremony - Statistics

General Stats
  • This quiz has been taken 37 times
  • The average score is 8 of 12
Answer Stats
Hint Answer % Correct
Égalité Equality
89%
Liberté Liberty
89%
Fraternité Fraternity
83%
Festivité Festivity
81%
Solidarité Solidarity
81%
Eternité Eternity
78%
Sororité Sorority
75%
Synchronicité Synchronicity
67%
Solennité Solemnity
58%
Enchanté Nice to meet you
44%
Obscurité Darkness
42%
Sportivité Sportsmanship
28%
No matching quizzes found
Score Distribution
Percent of People with Each Score
Percentile by Number Answered
Your Score History
You have not taken this quiz